| Tag |
First Indicator |
Second Indicator |
Subfields |
| LEADER |
00000cam a2200000 4500 |
| 001 |
in00000368313 |
| 005 |
20151011075105.0 |
| 008 |
740308s1943 mdua b 00010 eng d |
| 035 |
|
|
|a (OCoLC)00824865
|
| 035 |
|
|
|9 ABP6025AM
|
| 040 |
|
|
|c MCL
|d TXA
|d UtOrBLW
|
| 049 |
|
|
|a TXAM
|c [425019]
|
| 090 |
|
|
|a RC776
|b .A55 1943
|
| 100 |
1 |
|
|a Amor, Arthur Joseph.
|
| 245 |
1 |
3 |
|a An X-ray atlas of silicosis /
|c by Arthur J. Amor; with translation of the legends into French by Robert E. Horne; with a foreword by Sir Wilson Jameson.
|
| 250 |
|
|
|a 2d ed.
|
| 264 |
|
1 |
|a Baltimore :
|b Williams & Wilkins,
|c 1943.
|
| 300 |
|
|
|a viii, 206 pages :
|b illustrations ;
|c 25 cm.
|
| 336 |
|
|
|a text
|b txt
|2 rdacontent
|
| 337 |
|
|
|a unmediated
|b n
|2 rdamedia
|
| 338 |
|
|
|a volume
|b nc
|2 rdacarrier
|
| 500 |
|
|
|a "A William Wood book."
|
| 504 |
|
|
|a Bibliography: pages 205-206.
|
| 650 |
|
0 |
|a Lungs
|x Dust diseases.
|
| 650 |
|
0 |
|a Diagnosis, Radioscopic.
|
| 700 |
1 |
|
|a Horne, Robert Edwin.
|
| 999 |
|
|
|a MARS
|
| 999 |
f |
f |
|s 39b8e00e-e260-3e43-8aca-9472abc5ce91
|i f7955782-c813-34d4-8971-e8bd20b8a6d9
|t 0
|
| 952 |
f |
f |
|p ric
|a Texas A&M University
|b Rellis Campus
|c Joint Library Facility
|d Remote Storage
|t 0
|e RC776 .A55 1943
|h Library of Congress classification
|i unmediated -- volume
|m A14805128444
|
| 998 |
f |
f |
|a RC776 .A55 1943
|t 0
|l Remote Storage
|